Írsky teriér, čiže "smelý diabol"

Bibliographic Details
Main Author: Zajac, Ján (Author)
Format: Article
Language:Slovak
PhysicalDescription:Fotogr.
ISSN:1336-5568
Subjects:

MARC

LEADER 00000nab a2200000 ar4500
001 vtls009005825
003 SK-MaSNL
005 20260304002013.0
008 070709c2007 xo |||||||||||000 b|slo
015 |a SNBRB2007/07  |2 snkbucl 
038 |a SNKBUCL 
040 |a SNKBUCL  |b slo  |c SNKBUCL  |e AACR2 
041 0 |a slo 
044 |a xo  |c SK 
080 |a 636.7.082.1  |2 1997 
080 |a 636.75  |2 1997 
100 1 |a Zajac, Ján  |4 aut  |9 6794 
245 1 0 |a Írsky teriér, čiže "smelý diabol"  |c Ján Zajac 
300 |b Fotogr. 
650 0 7 |a psy  |2 snkbucl  |9 1288 
650 0 7 |a plemená zvierat  |2 snkbucl  |9 4381 
650 0 7 |a írsky teriér  |2 snkbucl  |9 103622 
650 0 7 |a poľovné psy  |2 snkbucl  |9 2814 
773 0 |t Naše poľovníctvo  |g Roč. IV, č. 6 (2007), s. 19  |x 1336-5568 
852 |a SNK  |b KIS3GCP 
999 |c 2539821  |d 2541751